| 000 | 00780nam a2200277 i 4500 | ||
|---|---|---|---|
| 001 | 16316 | ||
| 003 | DO-SdUEMH | ||
| 005 | 20260129214109.0 | ||
| 007 | ta | ||
| 008 | 211105s2003||||dr |||gr|||| 0|| | spa d | ||
| 040 |
_aDO-SdUEMH _bspa _erda |
||
| 041 | _aspa | ||
| 082 | 1 | 4 |
_aRD347.077 G373V 2003 _mRD _bG373 |
| 084 | _b08-00129 | ||
| 100 | 1 |
_aGermán Mejía, Mariano _eaut |
|
| 245 | 0 |
_aVías de Ejecución / _cMariano German Mejía |
|
| 260 | _c2003 | ||
| 264 | 1 |
_aSanto Domingo, República Dominicana : _bTallres de IMPRESOS Y SERVICIOS, _c2003 |
|
| 264 | 4 | _c©2003 | |
| 300 |
_a545, xxvii páginas : _c22 cm. |
||
| 336 |
_2rdacontent _atexto _btxt |
||
| 337 |
_2rdamedia _asin mediación _bn |
||
| 338 |
_2rdacarrier _avolumen _bnc |
||
| 942 |
_2ddc _cBK _n0 |
||
| 999 |
_c16316 _d16316 |
||